<?xml version="1.0" encoding="UTF-8"?>
<record
    xmlns:xsi="http://www.w3.org/2001/XMLSchema-instance"
    xsi:schemaLocation="http://www.loc.gov/MARC21/slim http://www.loc.gov/standards/marcxml/schema/MARC21slim.xsd"
    xmlns="http://www.loc.gov/MARC21/slim">

  <leader>00970nam a2200277 a 4500</leader>
  <controlfield tag="001">BRL_670</controlfield>
  <controlfield tag="005">20190320210839.0</controlfield>
  <controlfield tag="008">230913s1985----mx-#######---#000-0#spa-#</controlfield>
  <datafield tag="020" ind1=" " ind2=" ">
    <subfield code="a">9681619013</subfield>
  </datafield>
  <datafield tag="041" ind1=" " ind2=" ">
    <subfield code="a">spa</subfield>
  </datafield>
  <datafield tag="044" ind1=" " ind2=" ">
    <subfield code="a">mx</subfield>
  </datafield>
  <datafield tag="050" ind1=" " ind2="4">
    <subfield code="a">PS169.M4</subfield>
    <subfield code="b">.G86 1985</subfield>
  </datafield>
  <datafield tag="100" ind1="1" ind2=" ">
    <subfield code="a">Gunn, Drewey Wayne</subfield>
    <subfield code="d">1939-</subfield>
    <subfield code="9">24596</subfield>
  </datafield>
  <datafield tag="245" ind1="1" ind2="0">
    <subfield code="a">Escritores norteamericanos y brit&#xE1;nicos en M&#xE9;xico</subfield>
    <subfield code="b">(selecci&#xF3;n)</subfield>
    <subfield code="c">D. Wayne Gunn ; traducci&#xF3;n de Ernestina de Champourcin.</subfield>
  </datafield>
  <datafield tag="260" ind1=" " ind2=" ">
    <subfield code="a">M&#xE9;xico, D.F.</subfield>
    <subfield code="b">Fondo de Cultura econ&#xF3;mica : SEP,Cultura</subfield>
    <subfield code="c">1985</subfield>
  </datafield>
  <datafield tag="300" ind1=" " ind2=" ">
    <subfield code="a">205 p.</subfield>
    <subfield code="c">21 cm.</subfield>
  </datafield>
  <datafield tag="440" ind1=" " ind2="0">
    <subfield code="a">Lecturas mexicanas</subfield>
    <subfield code="v">87</subfield>
    <subfield code="9">24597</subfield>
  </datafield>
  <datafield tag="500" ind1=" " ind2=" ">
    <subfield code="a">Au754</subfield>
  </datafield>
  <datafield tag="650" ind1="1" ind2="4">
    <subfield code="a">Literatura inglesa</subfield>
    <subfield code="x">Historia y cr&#xED;tica</subfield>
    <subfield code="9">24598</subfield>
  </datafield>
  <datafield tag="650" ind1="1" ind2="4">
    <subfield code="a">Literatura estadounidense</subfield>
    <subfield code="x">Historia y cr&#xED;tica</subfield>
    <subfield code="9">24599</subfield>
  </datafield>
  <datafield tag="651" ind1=" " ind2="4">
    <subfield code="a">Estados Unidos</subfield>
    <subfield code="x">Relaciones</subfield>
    <subfield code="z">M&#xE9;xico</subfield>
    <subfield code="9">22747</subfield>
  </datafield>
  <datafield tag="651" ind1=" " ind2="4">
    <subfield code="a">Gran Breta&#xF1;a</subfield>
    <subfield code="x">Relaciones</subfield>
    <subfield code="z">M&#xE9;xico</subfield>
    <subfield code="9">24600</subfield>
  </datafield>
  <datafield tag="700" ind1="1" ind2=" ">
    <subfield code="a">Champourcin, Ernestina de</subfield>
    <subfield code="e">tr.</subfield>
    <subfield code="9">4640</subfield>
  </datafield>
  <datafield tag="902" ind1=" " ind2=" ">
    <subfield code="a">GRL</subfield>
  </datafield>
  <datafield tag="942" ind1=" " ind2=" ">
    <subfield code="2">lcc</subfield>
    <subfield code="c">B</subfield>
  </datafield>
  <datafield tag="999" ind1=" " ind2=" ">
    <subfield code="c">9482</subfield>
    <subfield code="d">9482</subfield>
  </datafield>
  <datafield tag="952" ind1=" " ind2=" ">
    <subfield code="0">0</subfield>
    <subfield code="1">0</subfield>
    <subfield code="4">0</subfield>
    <subfield code="7">0</subfield>
    <subfield code="a">BRL</subfield>
    <subfield code="b">BRL</subfield>
    <subfield code="d">2013-09-23</subfield>
    <subfield code="i">Au754</subfield>
    <subfield code="l">0</subfield>
    <subfield code="o">PS169.M4 .G86 1985 (Au754)</subfield>
    <subfield code="p">GRL00738</subfield>
    <subfield code="r">2019-03-22 00:00:00</subfield>
    <subfield code="w">2019-03-22</subfield>
    <subfield code="y">B</subfield>
  </datafield>
</record>
